El misterio del tiempo
Guardat en:
| Autor principal: | |
|---|---|
| Format: | Llibre |
| Idioma: | espanyol |
| Publicat: |
Barcelona
Estela
1965
|
| Col·lecció: | Colección Theologia, 4
|
| Matèries: | |
| Etiquetes: |
Afegir etiqueta
Sense etiquetes, Sigues el primer a etiquetar aquest registre!
|
MARC
| LEADER | 00000cam a2200000 a 4500 | ||
|---|---|---|---|
| 001 | UCL2262 | ||
| 003 | CL-VaPUC | ||
| 008 | 031017e19650000SP |||||||||||||||||spa|d | ||
| 082 | 0 | 4 | |a 230 |b MOU |2 21 |
| 100 | |a Mouroux, Jean |e autor |9 478645 | ||
| 245 | 1 | 3 | |a El misterio del tiempo |
| 300 | |a 341 p | ||
| 942 | |c BK | ||
| 945 | |d 20031017 00:00:00 |a vberengu | ||
| 260 | |a Barcelona |b Estela |c 1965 | ||
| 600 | 0 | |a Dios |9 314467 | |
| 650 | 0 | |a Teología cristiana |9 308336 | |
| 650 | 0 | |a Iglesia |9 255004 | |
| 650 | 0 | |a Cristología |9 315091 | |
| 650 | 7 | |a TIEMPO - ASPECTOS RELIGIOSOS |2 CL-VaPUC |9 479318 | |
| 583 | |a last modification |c 20181130 01:24:51 |k Rodrigo Vera | ||
| 490 | 0 | |a Colección Theologia, 4 | |
| 999 | |c 305612 |d 305610 | ||
| 952 | |0 0 |1 0 |4 0 |6 230_000000000000000_MOU_1965 |7 0 |8 A |9 369741 |a BIBTEO |b BIBTEO |d 2019-11-21 |i 209049K |o 230 MOU 1965 |p 209049K |r 2025-01-17 |w 2019-11-21 |y BK |k ICR | ||
| 952 | |0 0 |1 0 |3 erb |4 0 |6 230_000000000000000_MOU_1965 |7 0 |8 A |9 369742 |a BIBTEO |b BIBTEO |e Precht Pizarro, Jorge Enrique |i 5519446 |o 230 MOU 1965 |p 5519446 |r 2025-01-17 |w 2019-11-21 |y BK |z Catalogado en:20181130 |k ICR | ||